000 00421nam a2200145Ia 4500
008 151213s9999 xx 000 0 und d
100 _aJohn Henryt Cordinal New man
245 _aThe Idea Of University
_cJohn Henryt Cordinal New man
260 _aLondon
_bLongmans.
_c1947
300 _a8391 p.
650 _aEnglish Literature
650 _aEnglish Literature
700 _aJohn Henryt Cordinal New man
999 _c4229
_d4229